Państwa aliantów - Statystyki

Ogólne statystyki
  • Ten quiz został rozwiązany 61 razy
  • Średni wynik to 25 z 40
Statystyki odpowiedzi
Rok dołączenia Państwo % Poprawnych
1939 Polska
100%
1941 Stany Zjednoczone
100%
1939 Wielka Brytania
100%
1939 Francja
98%
1939 Kanada
96%
1942 Brazylia
91%
1940 Holandia
91%
1940 Belgia
89%
1941 Chiny
89%
1940 Norwegia
87%
1940 Dania
85%
1939 Australia
83%
1940 Grecja
83%
1941 Związek Radziecki
80%
1940 Luksemburg
78%
1939 Nowa Zelandia
78%
1942 Meksyk
76%
1940 Jugosławia
74%
1940 Egipt
72%
1939 Związek Południowej Afryki
70%
1945 Finlandia
67%
1941 Mongolia
65%
1945 Turcja
63%
1943 Irak
59%
1943 Iran
59%
1941 Kuba
52%
1942 Etiopia
50%
1944 Albania
46%
1945 Arabia Saudyjska
46%
1941 Filipiny
41%
1939 Nepal
41%
1941 Panama
37%
1940 Holenderskie Indie Wschodnie
33%
1939 Indie Brytyjskie
24%
1939 Tonga
22%
1941 Tuwa
13%
1939 Nowa Fundlandia
9%
1940 Kongo Belgijskie
4%
1941 Komunistyczne Partie Chińskie / Chińska Republika Ludowa
0%
1943 Republika Włoska
0%
Nie znaleziono quizów pasujących do podanych kryteriów
Rozkład punktacji
Procent ludzi z każdym wynikiem
Percentyl według liczby udzielonych odpowiedzi
Twoja historia wyników
Nie rozwiązałeś tego quizu